主要活断層帯の名称 - Statistics

General Stats
  • This quiz has been taken 5 times
  • The average score is 8 of 114
Answer Stats
番号 回答 % Correct
701 中央構造線断層帯(金剛山地東縁-由布院)
80%
810 布田川断層帯・日奈久断層帯
60%
412 糸魚川-静岡構造線断層帯
40%
804 警固断層帯
40%
101 サロベツ断層帯
20%
217 会津盆地西縁・東縁断層帯
20%
301 関谷断層
20%
302 大久保断層
20%
303 深谷断層帯・綾瀬川断層(関東平野北西縁断層帯・元荒川断層帯)
20%
304 立川断層帯
20%
402 富士川河口断層帯
20%
403 身延断層
20%
408 六日町断層帯
20%
418 邑知潟断層帯
20%
427 福井平野東縁断層帯
20%
433 伊勢湾断層帯
20%
512 上町断層帯
20%
513 有馬-高槻断層帯
20%
516 山崎断層帯
20%
606 筒賀断層
20%
608 安芸灘断層帯
20%
610 大原湖断層
20%
611 小郡断層
20%
612 周防灘断層帯
20%
613 菊川断層帯
20%
702 長尾断層帯
20%
801 福智山断層帯
20%
802 西山断層帯
20%
805 日向峠-小笠木峠断層帯
20%
812 人吉盆地南縁断層
20%
813 出水断層帯
20%
814 甑断層帯
20%
901 宮古島断層帯
20%
102 標津断層帯
0%
103 十勝平野断層帯
0%
104 富良野断層帯
0%
105 増毛山地東縁断層帯・沼田-砂川付近の断層帯
0%
106 当別断層
0%
107 石狩低地東縁断層帯
0%
108 黒松内低地断層帯
0%
109 函館平野西縁断層帯
0%
201 青森湾西岸断層帯
0%
202 津軽山地西縁断層帯
0%
203 折爪断層
0%
204 花輪東断層帯
0%
205 能代断層帯
0%
206 北上低地西縁断層帯
0%
207 雫石盆地西縁-真昼山地東縁断層帯
0%
208 横手盆地東縁断層帯
0%
209 北由利断層
0%
210 新庄盆地断層帯
0%
211 山形盆地断層帯
0%
212 庄内平野東縁断層帯
0%
213 長井盆地西縁断層帯
0%
214 長町-利府線断層帯
0%
215 福島盆地西縁断層帯
0%
216 双葉断層
0%
305 伊勢原断層
0%
306 塩沢断層帯・平山-松田北断層帯・国府津-松田断層帯(神縄・国府津-松田断層帯)
0%
307 三浦半島断層群
0%
308 鴨川低地断層帯
0%
401 北伊豆断層帯
0%
404 曽根丘陵断層帯
0%
405 櫛形山脈断層帯
0%
406 月岡断層帯
0%
407 長岡平野西縁断層帯
0%
409 十日町断層帯
0%
410 高田平野断層帯
0%
411 長野盆地西縁断層帯(信濃川断層帯)
0%
413 境峠・神谷断層帯
0%
414 伊那谷断層帯
0%
415 木曽山脈西縁断層帯
0%
416 魚津断層帯
0%
417 砺波平野断層帯・呉羽山断層帯
0%
419 森本・富樫断層帯
0%
420 牛首断層帯
0%
421 跡津川断層帯
0%
422 高山・大原断層帯
0%
423 阿寺断層帯
0%
424 屏風山・恵那山断層帯及び猿投山断層帯
0%
425 庄川断層帯
0%
426 長良川上流断層帯
0%
428 濃尾断層帯
0%
429 柳ヶ瀬・関ヶ原断層帯
0%
430 野坂・集福寺断層帯
0%
431 湖北山地断層帯
0%
432 養老-桑名-四日市断層帯
0%
501 鈴鹿東縁断層帯
0%
502 布引山地東縁断層帯
0%
503 鈴鹿西縁断層帯
0%
504 頓宮断層
0%
505 木津川断層帯
0%
506 琵琶湖西岸断層帯
0%
507 三方・花折断層帯
0%
508 京都盆地-奈良盆地断層帯南部(奈良盆地東縁断層帯)
0%
509 山田断層帯
0%
510 三峠・京都西山断層帯
0%
511 生駒断層帯
0%
514 六甲・淡路島断層帯
0%
515 大阪湾断層帯
0%
601 鹿野-吉岡断層
0%
602 宍道(鹿島)断層
0%
603 長者ヶ原-芳井断層
0%
604 弥栄断層
0%
605 地福断層
0%
607 広島湾-岩国沖断層帯
0%
609 岩国-五日市断層帯
0%
803 宇美断層
0%
806 水縄断層帯
0%
807 佐賀平野北縁断層帯
0%
809 雲仙断層群
0%
811 緑川断層帯
0%
815 日出生断層帯
0%
816 万年山-崩平山断層帯
0%
No matching quizzes found
Score Distribution
Percent of People with Each Score
Percentile by Number Answered
Your Score History
You have not taken this quiz